Online
Catalog

Arias Montano / (Record no. 41976)

MARC details
000 -CABECERA
campo de control de longitud fija 00828nam a2200241 a 4500
001 - NÚMERO DE CONTROL
campo de control 000042487
005 - FECHA Y HORA DE LA ÚLTIMA TRANSACCIÓN
campo de control 20201002040202.0
008 - DATOS DE LONGITUD FIJA--INFORMACIÓN GENERAL
campo de control de longitud fija 131204s1973 sp 000 0 spa d
020 ## - NÚMERO INTERNACIONAL ESTÁNDAR DEL LIBRO
Número Internacional Estándar del Libro 843061107X
040 ## - FUENTE DE LA CATALOGACIÓN
Centro catalogador/agencia de origen DO-SdBNP
Lengua de catalogación spa
Centro/agencia transcriptor BNPHU
041 17 - CÓDIGO DE LENGUA
Código de lengua del texto/banda sonora o título independiente spa
Código de lengua original eng
082 ## - NÚMERO DE LA CLASIFICACIÓN DECIMAL DEWEY
Número de clasificación xxxx
Número de documento/Ítem A696R
100 1# - ENTRADA PRINCIPAL--NOMBRE DE PERSONA
Nombre de persona Rekers, Ben,
Fechas asociadas al nombre 1921-
9 (RLIN) 69678
240 10 - TÍTULO UNIFORME
Título uniforme Benito Arias Montano
Lenguaje de la obra Español
245 10 - MENCIÓN DE TÍTULO
Título Arias Montano /
Mención de responsabilidad, etc. Ben Rekers ; versión española y epílogo de Angel Alcalá.
260 ## - PUBLICACIÓN, DISTRIBUCIÓN, ETC.
Lugar de publicación, distribución, etc. Madrid :
Nombre del editor, distribuidor, etc. Taurus,
Fecha de publicación, distribución, etc. 1973.
300 ## - DESCRIPCIÓN FÍSICA
Extensión 261 p. ;
Dimensiones 21 cm.
490 1# - MENCIÓN DE SERIE
Mención de serie Ensayistas
Designación de volumen o secuencia 107
500 ## - NOTA GENERAL
Nota general Incluye referencias bibliográficas y notas al pie de las páginas
500 ## - NOTA GENERAL
Nota general Incluye datos biográficos del autor en la solapa de la contracubierta
700 1# - PUNTO DE ACCESO ADICIONAL--NOMBRE DE PERSONA
Nombre de persona Alcalá Galve, Ángel,
Fechas asociadas al nombre 1928-
9 (RLIN) 69679
830 #0 - PUNTO DE ACCESO ADICIONAL DE SERIE-TÍTULO UNIFORME
Título uniforme Ensayistas
Número de parte o sección de la obra 107
9 (RLIN) 69680
Holdings
Estado de retiro Estado de pérdida Restricciones de uso No para préstamo Código de colección Localización permanente Ubicación/localización actual Ubicación en estantería Fecha de adquisición Número de inventario Total de préstamos Signatura topográfica completa Código de barras Fecha visto por última vez Precio válido a partir de Tipo de ítem Koha
      Excluido de préstamo Monografías: Libros y Folletos General General En catalogación 04.12.2013 LF1   xxxx A696R 42487-10 25.06.2020 25.06.2020 No se presta

Powered by Koha